000 00300nam a22001217a 4500
008 160505b xxu||||| |||| 00| 0 eng d
020 _a9780323083744
020 _a9780323083744
041 _aeng
080 _a61
245 _aFerris clinical advisor:
_cFred F. Ferri M.D. F.A. C.P;
942 _2udc
_cBK
999 _c1828
_d1828